Hardest General Knowledge Quiz - Statistics

General Stats
  • This quiz has been taken 20 times
  • The average score is 3 of 20
Answer Stats
% right Hint Answer % Correct
16% What does the phrase "caveat emptor" mean? Buyer beware
35%
15% What Brazilian is the FIFA World Cup's all-time scoring leader, counting both men's and women's divisions? Marta
35%
15% What type of animal is a teal? Duck
29%
15% What capital city in Asia was named for an Italian (because his name sounded like the original Sinhala name)? Colombo
24%
15% What edible root can fetch high prices in China if it is shaped like a person? Ginseng
24%
15% What does the O stand for in HHLBBCNO? Oxygen
24%
16% Whose famous "last theorem" was proposed in 1637 and finally proved in 1995? Pierre de Fermat
24%
15% What, according to cliché, does nature abhor? a Vacuum
18%
13% Advanced question warning! Writing out numbers using Roman numerals, which number is alphabetically last? XXXVIII
18%
7% In seven countries, more than 10% of the population speaks Russian as a first language. What is the only one that was not a part of the Soviet Union? Israel
12%
16% What Basque sport is sometimes called "the fastest sport in the world" because its ball can reach a speed of 300 km/h? Jai alai
12%
10% What brand of perfume by Calvin Klein attracts jaguars and other large cats? Obsession
12%
14% Who sculpted "The Burghers of Calais"? Auguste Rodin
6%
15% What is pulchritude? Beauty
6%
10% What is a chorophobe afraid of? Dancing
6%
8% In the famous poem, what three words come after "She Walks in Beauty"? Like the Night
6%
14% Who is the patron saint of lost causes? St. Jude / St. Rita
6%
7% What machine was patented by Luigi Bezzera of Milan in 1902? Espresso machine
0%
10% What does the S stand for in "TTLS HIWWYA"? Star
0%
12% What last name did Prince Harry use during his military career? Wales
0%
No matching quizzes found
Score Distribution
Percent of People with Each Score
Percentile by Number Answered
Your Score History
You have not taken this quiz